[Event "Memorial M. Najdorf"]
[Site "masterchessopen.com Buenos Aires (Argentina)"]
[Round "4"]
[White "Panno Oscar (ARG)"]
[Black "Alonso Salvador (ARG)"]
[Result "1-0"]
[WhiteElo "2465"]
[BlackElo "2345"]

1.Nf3 Nf6 2.d4 g6 3.g3 Bg7 4.Bg2 O-O 5.O-O d5 6.c4 dxc4 7.Na3 Nc6 8.Nxc4 Be6
9.b3 a5 10.Bb2 Bd5 11.a4 Nb4 12.e3 Be4 13.Ne1 Bxg2 14.Nxg2 Ne4 15.Qe2 Nd6
16.Rfd1 Nxc4 17.bxc4 c5 18.d5 Bxb2 19.Qxb2 Qd6 20.Nf4 Qf6 21.Rab1 Rad8 22.e4
Qxb2 23.Rxb2 e6 24.Rbd2 exd5 25.Nxd5 Kg7 26.Kg2 Rfe8 27.Nc7 {#r} 1-0

[Event "Ch Costa Rica (team)"]
[Site "masterchessopen.com Costa Rica"]
[Round "8"]
[White "Jimenez Juan Leon (CRC)"]
[Black "Valdes Romero Leonardo (MEX)"]
[Result "1-0"]
[WhiteElo "2220"]
[BlackElo "2285"]

1.Nf3 Nf6 2.g3 g6 3.Bg2 Bg7 4.O-O O-O 5.d4 d5 6.c4 dxc4 7.Na3 c3 8.bxc3 c5
9.e3 Nc6 10.Bb2 Nd5 11.Qe2 cxd4 12.cxd4 Nb6 13.Nc4 Nxc4 14.Qxc4 Qa5 15.Rfc1
Be6 16.Qc5 Rac8 17.Ng5 Bd7 18.Qxa5 Nxa5 19.Ba3 Rfe8 20.Rxc8 Bxc8 21.Rc1 h6
22.Ne4 Be6 23.Rc7 Bxa2 24.Bxe7 Rb8 25.Nf6+ Bxf6 26.Bxf6 Nc6 27.d5 Nb4 28.d6
Na6 29.Bxb7 Nxc7 30.dxc7 Rf8 31.c8=Q Rxc8 32.Bxc8 Bc4 33.f3 {#r} 1-0

[Event "Olympiad"]
[Site "masterchessopen.com Elista (Russia)"]
[Round "7"]
[White "Rasmussen Rogvi W (FAI)"]
[Black "Silva Sanchez Carlos (CHI)"]
[Result "0-1"]
[WhiteElo "2132"]
[BlackElo "2395"]

1.Nf3 Nf6 2.d4 g6 3.g3 Bg7 4.Bg2 O-O 5.O-O d5 6.c4 dxc4 7.Na3 Nc6 8.Nxc4 Be6
9.b3 Qc8 10.Bb2 Bh3 11.Qc2 Bxg2 12.Kxg2 Qf5 13.Qxf5 gxf5 14.Rfd1 Rfd8 15.Rac1
e6 16.Nce5 Nxe5 17.Nxe5 Ne8 18.Nf3 Rd5 19.Rd2 Rad8 20.Rdc2 c6 21.e3 Nc7 22.Ba3
Na6 23.Bc5 Nxc5 24.Rxc5 Rxc5 25.Rxc5 Bf8 26.Ra5 a6 27.Ne5 Bb4 28.Ra4 a5 29.a3
b5 30.axb4 bxa4 31.bxa4 axb4 32.Nxc6 b3 {#R} 0-1

[Event "It (open)"]
[Site "masterchessopen.com Espoo (Finland)"]
[Round "4"]
[White "Johansson Jukka (FIN)"]
[Black "Holmsten Aleksei (FIN)"]
[Result "0-1"]
[WhiteElo "2117"]
[BlackElo "2400"]

1.d4 Nf6 2.Nf3 g6 3.g3 Bg7 4.Bg2 O-O 5.O-O d5 6.c4 dxc4 7.Na3 c3 8.bxc3 c5
9.Ne5 Nc6 10.Nxc6 bxc6 11.Bxc6 Bh3 12.Bg2 Bxg2 13.Kxg2 Ne4 14.Bb2 Rb8 15.Qc2
cxd4 16.cxd4 Qd5 17.f3 Nd6 18.e4 Qa5 19.Rad1 Rfc8 20.Qd2 Qa4 21.Rc1 Rxc1
22.Rxc1 Bh6 23.Qc2 Rxb2 24.Qxb2 Bxc1 25.Qxc1 Qxd4 26.Qc2 h5 27.Qe2 a5 28.Kh3
Qc5 29.Qd3 Qf2 30.Nc2 g5 31.e5 Nf5 32.e6 Qxc2 {#R} 0-1

[Event "Bundesliga (2nd) East 1997/98"]
[Site "masterchessopen.com Germany"]
[Round "0"]
[White "Sandner Gunter (GER)"]
[Black "Naumann Alexander (GER)"]
[Result "0-1"]
[WhiteElo "2345"]
[BlackElo "2465"]

1.d4 Nf6 2.Nf3 g6 3.g3 Bg7 4.Bg2 O-O 5.O-O d5 6.c4 dxc4 7.Na3 Nc6 8.Nxc4 Be6
9.b3 Bd5 10.Bb2 a5 11.e3 a4 12.Qe2 Ne4 13.Rfc1 b5 14.Nce5 Nxe5 15.dxe5 c5
16.bxa4 Rxa4 17.Qxb5 Qa8 18.Rd1 Rb8 19.Qe2 Rab4 20.Rxd5 Qxd5 21.Ng5 Rxb2
22.Bxe4 Qxe5 {#R} 0-1

[Event "Bundesliga (2nd) North 1997/98"]
[Site "masterchessopen.com Germany"]
[Round "0"]
[White "Westphal Matthias (GER)"]
[Black "Wendt Jan-Dietrich (GER)"]
[Result "0-1"]
[WhiteElo "2233"]
[BlackElo "2295"]

1.Nf3 Nf6 2.g3 g6 3.Bg2 Bg7 4.O-O O-O 5.c4 d5 6.d4 dxc4 7.Na3 c3 8.bxc3 c5
9.Nc4 Nc6 10.Ba3 Be6 11.Nce5 Bd5 12.Nxc6 Bxc6 13.Qb3 cxd4 14.cxd4 Bd5 15.Qb4
e6 16.Rfc1 Re8 17.e3 b6 18.Qb5 Rc8 19.Rxc8 Qxc8 20.Rc1 Qb7 21.Ne1 Bxg2 22.Nxg2
Rc8 23.Nf4 h5 24.Qa4 Rxc1+ 25.Bxc1 Qf3 26.Qc2 h4 27.gxh4 Qg4+ 28.Kf1 Bh6
29.Qc8+ Kg7 30.Ba3 Nh7 31.d5 Bxf4 32.exf4 Qh3+ 33.Ke2 Qxa3 34.dxe6 Qxa2+ {#R}
0-1

[Event "Hessenliga 1998/99"]
[Site "masterchessopen.com Germany"]
[Round "0"]
[White "Janoschka Arnd (GER)"]
[Black "Schnitzspan Lothar (GER)"]
[Result "1-0"]
[WhiteElo "2338"]
[BlackElo "2310"]

1.d4 Nf6 2.Nf3 g6 3.g3 d5 4.Bg2 Bg7 5.O-O O-O 6.c4 dxc4 7.Na3 Be6 8.Ng5 Bc8
9.Nxc4 Ne8 10.Ne5 Bxe5 11.dxe5 Qxd1 12.Rxd1 Ng7 13.b3 h6 14.Ne4 Kh7 15.Ba3 Nc6
16.Nf6+ exf6 17.Bxf8 Ne6 18.Bxc6 bxc6 19.Be7 fxe5 20.Bf6 e4 21.Rac1 c5 22.Rc4
Bb7 23.Be7 Ba6 24.Rc2 Nd4 25.Rxc5 Nxe2+ 26.Kg2 Bd3 27.Rxc7 Kg7 28.f3 Nd4
29.fxe4 Bxe4+ 30.Kf2 Ne6 31.Rc4 Bf5 32.g4 {#r} 1-0

[Event "Oberliga 1997/98"]
[Site "masterchessopen.com Hessen (Germany)"]
[Round "4"]
[White "Von Kiedrowski Klemens (GER)"]
[Black "Schneider Heiko (GER)"]
[Result "0-1"]
[WhiteElo "2076"]
[BlackElo "2212"]

1.c4 Nf6 2.Nf3 g6 3.g3 Bg7 4.Bg2 O-O 5.O-O d5 6.d4 dxc4 7.Na3 c3 8.bxc3 c5
9.Ne5 Nc6 10.Nxc6 bxc6 11.Bxc6 Bh3 12.Re1 Rc8 13.Bf3 Nd5 14.Bb2 cxd4 15.cxd4
Qa5 16.e4 Nb6 17.Rc1 Na4 18.Ba1 Rxc1 19.Qxc1 Rc8 20.Qd1 Nc3 21.Bxc3 Rxc3 {#R}
0-1

[Event "Simultan"]
[Site "masterchessopen.com Internet"]
[Round "0"]
[White "Karpov Anatoly (RUS)"]
[Black "Pribyl Martin (CZE)"]
[WhiteElo "2725"]
[BlackElo "2355"]

1.d4 Nf6 2.c4 g6 3.g3 Bg7 4.Bg2 d5 5.Nf3 O-O 6.O-O dxc4 7.Na3 c3 8.bxc3 c5
9.e3 Nc6 10.Qe2 Bf5 11.Bb2 e5 12.h3 exd4 13.cxd4 Be4 14.Rfd1 cxd4 15.Nxd4 Bxg2
16.Kxg2 Nxd4 17.Bxd4 Qd5+ 18.Qf3 Rfd8 19.Rac1 b6 20.Nb5 Qxf3+ 21.Kxf3 Rd5
22.a4 *

[Event "Ch Europe (juniors) (under 16)"]
[Site "masterchessopen.com Mureck (Austria)"]
[Round "2"]
[White "Sebenik Matej (SLO)"]
[Black "Kobler Mario (LIE)"]
[Result "1-0"]
[WhiteElo "2155"]
[BlackElo "2098"]

1.d4 Nf6 2.Nf3 g6 3.g3 Bg7 4.Bg2 O-O 5.O-O d5 6.c4 dxc4 7.Na3 c6 8.Nxc4 Be6
9.Nce5 h6 10.b3 Bd5 11.Bb2 Nbd7 12.Nd3 Re8 13.e3 a5 14.Qe2 Qc7 15.Nd2 Bxg2
16.Kxg2 e6 17.Rac1 Nd5 18.f4 f5 19.Ne5 Nxe5 20.dxe5 Bf8 21.e4 Nb6 22.g4 Kh7
23.gxf5 gxf5 24.Kh1 Bb4 25.Nf3 Rf8 26.a3 Be7 27.Nd4 Qc8 28.Rg1 c5 29.Qh5 Qe8
30.Qxe8 Rfxe8 31.Nxe6 fxe4 32.Nc7 {#r} 1-0

[Event "Ch Puerto Rico (w)"]
[Site "masterchessopen.com Puerto Rico"]
[Round "0"]
[White "Pacheco Hilzandryly (PUR)"]
[Black "Franceschi Mariela (PUR)"]
[Result "1-0"]
[WhiteElo "1938"]
[BlackElo "2050"]

1.d4 d5 2.Nf3 Nf6 3.g3 g6 4.Bg2 Bg7 5.O-O O-O 6.c4 dxc4 7.Qc2 e6 8.Qxc4 Nc6
9.Rd1 Ne7 10.Nc3 Ned5 11.Ne5 c6 12.e4 Nxc3 13.bxc3 Nxe4 14.Nxf7 Rxf7 15.Bxe4
Qf6 16.Be3 g5 17.Qd3 Bh6 18.f4 gxf4 19.Rf1 Qg7 20.Bf2 fxg3 21.Bxg3 Rxf1+
22.Rxf1 Bd7 23.Kh1 Bg5 24.Be5 Qe7 25.Rg1 Kf8 26.Qf3+ Ke8 {#r} 1-0

[Event "It (open) \"]
[Site "masterchessopen.com Slovakia"]
[Round "2"]
[White "Garancovsky Pavol (SVK)"]
[Black "Banas Jan (SVK)"]
[Result "0-1"]
[WhiteElo "2151"]
[BlackElo "2425"]

1.d4 Nf6 2.g3 g6 3.Bg2 d5 4.Nf3 Bg7 5.O-O O-O 6.c4 dxc4 7.Na3 Nc6 8.Nxc4 Be6
9.Ne3 h6 10.Qa4 Nd5 11.Rd1 Qc8 12.Ne5 Ncb4 13.N3c4 c6 14.e4 b5 15.Qa5 bxc4
16.exd5 Nxd5 17.Qc5 Bxe5 18.dxe5 h5 19.Bg5 Re8 20.Rac1 Qb7 21.Rd2 Nb4 22.a3
Nd3 23.Rxd3 cxd3 24.Bxc6 Qxb2 25.Bxa8 Rxa8 26.Qxe7 Qxe5 27.Bd2 Qe2 28.Re1 Qxd2
29.Rxe6 fxe6 30.Qxe6+ Kh7 {#R} 0-1

[Event "It (open)"]
[Site "masterchessopen.com Turku (Finland)"]
[Round "1"]
[White "Johansson Jukka (FIN)"]
[Black "Holmsten Aleksei (FIN)"]
[Result "0-1"]
[WhiteElo "2117"]
[BlackElo "2400"]

1.Nf3 Nf6 2.d4 g6 3.g3 Bg7 4.Bg2 O-O 5.O-O d5 6.c4 dxc4 7.Na3 c3 8.bxc3 c5
9.e3 Nc6 10.Nc4 Bg4 11.h3 Bxf3 12.Bxf3 Rc8 13.Qb3 Qd7 14.Bg2 b5 15.Ne5 Nxe5
16.dxe5 c4 17.Qd1 Rfd8 18.Qf3 Ne8 19.Qe4 Qd3 20.Ba3 Qxc3 21.Bxe7 Qxe5 22.Qxe5
Bxe5 23.Rab1 Rd7 24.Bb4 c3 25.Rbc1 Rc4 26.f4 Bg7 27.a3 c2 {#R} 0-1

[Event "It (open)"]
[Site "masterchessopen.com Wuerzburg (Germany)"]
[Round "7"]
[White "Stuemer Paul (GER)"]
[Black "Drewes Thomas (GER)"]
[Result "1-0"]
[WhiteElo "2130"]
[BlackElo "1940"]

1.Nf3 Nf6 2.g3 g6 3.Bg2 Bg7 4.O-O O-O 5.d4 d5 6.c4 dxc4 7.Na3 c6 8.Nxc4 Nbd7
9.Re1 Nb6 10.Nfe5 Nxc4 11.Nxc4 Be6 12.b3 Qc8 13.Ba3 Re8 14.e4 Bh3 15.Bh1 Qc7
16.Qe2 Rad8 17.Rad1 Bg4 18.f3 Bh3 19.Bg2 Bxg2 20.Kxg2 Nd7 21.Bb2 Nb6 22.Ne3
Rd7 23.Rd3 Red8 24.Red1 Nc8 25.d5 Bxb2 26.Qxb2 Nb6 27.a4 a5 28.Rc1 Qb8 29.Qd4
Na8 30.Qc3 Qa7 31.Rcd1 cxd5 32.Nxd5 b6 33.Nxe7+ Kf8 34.Nc6 Rxd3 35.Qh8# 1-0

[Event "It (cat.2)"]
[Site "masterchessopen.com Budapest (Hungary)"]
[Round "9"]
[White "Yu Mingyuan (CHN)"]
[Black "Dembo Yelena (GRE)"]
[Result "1-0"]
[WhiteElo "2319"]
[BlackElo "2244"]

1.d4 Nf6 2.Nf3 g6 3.g3 Bg7 4.Bg2 O-O 5.O-O d5 6.c4 dxc4 7.Ne5 Nc6 8.Nxc6 bxc6
9.Na3 Be6 10.Bxc6 Rb8 11.Bg2 Qd7 12.e3 Rfc8 13.Qe2 Rb4 14.Rd1 c6 15.Bd2 Rxb2
16.Nxc4 Bxc4 17.Qxc4 Qf5 18.Qc3 Rb6 19.Qa3 Qd7 20.Bb4 e6 21.Bc5 Rb7 22.Rab1
Rcb8 23.Rxb7 Rxb7 24.Qa6 Nd5 25.Rc1 Bf6 26.e4 Nb6 27.e5 Bg5 28.Rb1 Rc7 29.Bxb6
axb6 30.Qxb6 Bd2 31.a4 Bc3 32.Qc5 Bd2 33.a5 Qe7 34.Qb6 c5 35.a6 c4 36.Bb7 {#r}
1-0

[Event "It (cat.4)"]
[Site "masterchessopen.com Budapest (Hungary)"]
[Round "13"]
[White "Yu Mingyuan (CHN)"]
[Black "Szeberenyi Adam (HUN)"]
[Result "0-1"]
[WhiteElo "2319"]
[BlackElo "2357"]

1.d4 Nf6 2.Nf3 g6 3.c4 Bg7 4.g3 O-O 5.Bg2 d5 6.O-O dxc4 7.Na3 c3 8.bxc3 c5
9.Ne5 Nc6 10.Nac4 cxd4 11.Nxc6 bxc6 12.cxd4 Nd5 13.Ba3 Nc3 14.Qd3 Qxd4 15.Bxc6
Ba6 16.Qxd4 Nxe2+ 17.Kg2 Nxd4 18.Bxa8 Rxa8 19.Rac1 Rc8 20.Na5 Bxf1+ 21.Kxf1
Rxc1+ 22.Bxc1 f5 23.h3 Kf7 24.Ba3 Ke6 25.Bc5 a6 26.Ke1 Bf6 27.Kd2 Kd5 28.Bb6
Nb5 29.Nb3 Nc3 30.a3 Nb1+ 31.Kd3 Nxa3 32.Nc5 Kc6 33.Ba7 Nb5 {#R} 0-1

[Event "It (cat.7)"]
[Site "masterchessopen.com Budapest (Hungary)"]
[Round "5"]
[White "Tatai Stefano (ITA)"]
[Black "Nguyen Anh Dung (VIE)"]
[Result "0-1"]
[WhiteElo "2357"]
[BlackElo "2484"]

1.d4 Nf6 2.c4 g6 3.Nf3 Bg7 4.g3 O-O 5.Bg2 d5 6.O-O dxc4 7.Na3 c3 8.bxc3 c5
9.Nc4 Nc6 10.Bb2 Be6 11.Nce5 Nxe5 12.Nxe5 Bd5 13.Qd3 Bxg2 14.Kxg2 Nd7 15.Nxd7
Qxd7 16.Rfd1 Rac8 17.Rd2 Rfd8 18.Rad1 Qa4 19.Qe4 Rd7 20.e3 b5 21.Qb1 cxd4
22.cxd4 Rdc7 23.Rc1 Rxc1 24.Bxc1 h5 25.h4 b4 26.Bb2 a5 27.Kh2 Qb5 28.Qe4 e6
29.Rc2 Rxc2 30.Qxc2 Qf1 31.a4 Bf8 32.e4 b3 33.Qxb3 Qxf2+ 34.Kh3 Qf1+ 35.Kh2
Qe2+ 36.Kg1 {#R} 0-1

[Event "It (open)"]
[Site "masterchessopen.com Castellar (Spain)"]
[Round "3"]
[White "Rocabert Andreu Guillem (ESP)"]
[Black "Vall De Vilaramo Jordi (ESP)"]
[Result "1-0"]
[WhiteElo "2263"]
[BlackElo "2151"]

1.d4 Nf6 2.Nf3 g6 3.g3 Bg7 4.Bg2 O-O 5.O-O d5 6.c4 dxc4 7.Ne5 Nc6 8.Nxc6 bxc6
9.Na3 Ne8 10.Nxc4 a5 11.Ne5 Bxe5 12.dxe5 Ng7 13.Bg5 Ra6 14.Qc2 Rb6 15.Rfd1 Qe8
16.b3 Bf5 17.Qc3 Bg4 18.Rd2 h5 19.Rc1 Bd7 20.Qxa5 Kh7 21.Be3 Rb5 22.Qxc7 {#r}
1-0

[Event "Czech League 1998/99 (2nd) (b)"]
[Site "masterchessopen.com Czech Republic"]
[Round "0"]
[White "Straka Jaroslav (CZE)"]
[Black "Adamek Zdenek (CZE)"]
[Result "0-1"]
[WhiteElo "1863"]
[BlackElo "2123"]

1.Nf3 Nf6 2.d4 g6 3.g3 Bg7 4.Bg2 O-O 5.O-O d5 6.c4 dxc4 7.Ne5 c5 8.dxc5 Qc7
9.Nxc4 Qxc5 10.Nba3 Nc6 11.Bf4 Bg4 12.h3 Rad8 13.Nd2 Be6 14.e4 Qb4 15.Nc2 Qxb2
16.Rb1 Qxa2 17.Rxb7 Qa6 18.Rb1 Nd7 19.Re1 Nde5 20.Bf1 Qc8 21.g4 Nd3 22.Bxd3
Rxd3 23.f3 Rfd8 24.Qe2 Ne5 25.Nb4 Rxd2 26.Bxd2 Rxd2 27.Qe3 Nc4 28.Qf4 Qc5+
{#R} 0-1

[Event "It (open)"]
[Site "masterchessopen.com Finkenstein (Austria)"]
[Round "0"]
[White "Horvath Peter_ (HUN)"]
[Black "Keller Manfred (GER)"]
[Result "1-0"]
[WhiteElo "2450"]
[BlackElo "2203"]

1.d4 Nf6 2.Nf3 g6 3.g3 Bg7 4.Bg2 O-O 5.O-O d5 6.c4 dxc4 7.Na3 c3 8.bxc3 c5
9.e3 Nc6 10.Bb2 Bf5 11.Qe2 e5 12.Nc4 e4 13.Nfe5 Nxe5 14.Nxe5 h5 15.h3 Qc8
16.Kh2 Qc7 17.Rfd1 Nd5 18.Rac1 h4 19.g4 f6 20.gxf5 fxe5 21.dxc5 Ne7 22.fxg6
Nxg6 23.Bxe4 Rf6 24.Rg1 Raf8 25.Rcf1 Ne7 26.Rg2 R8f7 27.Rfg1 Qxc5 28.c4 Kf8
29.Qd3 Rd6 30.Ba3 Rxd3 31.Bxc5 Rd2 32.f3 Rxg2+ 33.Rxg2 b6 34.Bb4 Bf6 {#r} 1-0

[Event "Bundesliga (2nd) Mitte 1998/99 (w)"]
[Site "masterchessopen.com Germany"]
[Round "6"]
[White "Pramann Adele (GER)"]
[Black "Grabarska Barbara (POL)"]
[Result "0-1"]
[WhiteElo "2085"]
[BlackElo "2293"]

1.d4 Nf6 2.c4 g6 3.g3 Bg7 4.Bg2 d5 5.Nf3 O-O 6.O-O dxc4 7.Na3 Nc6 8.Nxc4 Be6
9.Nce5 Bd5 10.Bf4 Ne4 11.Rc1 f6 12.Nxc6 bxc6 13.Qc2 Nd6 14.Rfd1 Rb8 15.b3 a5
16.Bxd6 cxd6 17.e4 Be6 18.Qxc6 Bh6 19.Rb1 Rc8 20.Qb7 f5 21.e5 f4 22.Ne1 fxg3
23.hxg3 Bg4 24.f3 Bf5 25.Ra1 Be3+ 26.Kh2 e6 27.Bh3 Bf2 28.Ng2 Bxh3 29.Kxh3 Qg5
{#R} 0-1

[Event "Tournament"]
[Site "masterchessopen.com Kastel Stari (Croatia)"]
[Round "5"]
[White "Saric Ante (CRO)"]
[Black "Rade Miroslav (CRO)"]
[Result "0-1"]
[WhiteElo "2175"]
[BlackElo "2350"]

1.d4 Nf6 2.Nf3 g6 3.g3 Bg7 4.Bg2 d5 5.O-O O-O 6.c4 dxc4 7.Na3 c3 8.bxc3 c5
9.Nc4 Nc6 10.Nfe5 Nd5 11.Bb2 Be6 12.e3 Nxe5 13.Nxe5 Bxe5 14.dxe5 Nb6 15.c4
Qxd1 16.Rfxd1 Nxc4 17.Bc3 Rab8 18.a4 b6 19.Bc6 a6 20.Bd5 Bxd5 21.Rxd5 e6
22.Rd7 b5 23.axb5 axb5 24.Rc1 Rfd8 25.Ra7 b4 26.Ba1 Na3 27.Ra5 c4 28.Bc3 Rd3
29.Kg2 Rxc3 30.Rxc3 b3 31.Rxa3 b2 32.Rxc4 b1=Q 33.Ra7 Rb2 34.Rf4 g5 35.Rc4 Qf5
36.Rc8+ Kg7 {#R} 0-1

[Event "Ch Europe (for the Blind)"]
[Site "masterchessopen.com Krynica (Poland)"]
[Round "4"]
[White "Strizhnev Piotr (RUS)"]
[Black "Pirosca Alexandru (ROM)"]
[Result "1-0"]
[WhiteElo "2260"]
[BlackElo "2063"]

1.c4 Nf6 2.g3 g6 3.Bg2 d5 4.Nf3 Bg7 5.O-O O-O 6.d4 dxc4 7.Na3 c3 8.bxc3 c5
9.Ne5 Nc6 10.Nxc6 bxc6 11.Qa4 Be6 12.Qxc6 Rc8 13.Qa6 Nd5 14.Nb5 Qd7 15.e4 Nc7
16.Nxc7 Rxc7 17.d5 Qc8 18.Qc4 Bd7 19.Be3 Rb7 20.Rab1 a6 21.a4 Qb8 22.Bf4 Qa7
23.e5 Rxb1 24.Rxb1 Rb8 25.Re1 Rb2 26.e6 Bc8 27.d6 Bxe6 28.Rxe6 Rb1+ 29.Bf1
{#r} 1-0

[Event "It (cat.8)"]
[Site "masterchessopen.com Lippstadt (Germany)"]
[Round "7"]
[White "Csom Istvan (HUN)"]
[Black "Romanishin Oleg M (UKR)"]
[Result "0-1"]
[WhiteElo "2472"]
[BlackElo "2567"]

1.Nf3 Nf6 2.g3 d5 3.Bg2 g6 4.O-O Bg7 5.d4 O-O 6.c4 dxc4 7.Na3 Nc6 8.Nxc4 Be6
9.b3 a5 10.Bb2 Bd5 11.Rc1 a4 12.bxa4 Ra6 13.Nfe5 Bxg2 14.Kxg2 Qa8 15.Nxc6 bxc6
16.Kg1 Rxa4 17.a3 Ne4 18.Ne5 Bxe5 19.dxe5 Rd8 20.Qc2 Rd2 21.Qb3 c5 22.f3 c4
23.Rxc4 Qa7+ 24.Kh1 Nf2+ 25.Kg2 Rxc4 26.Qxc4 Nd1 27.Rxd1 Rxd1 28.e6 fxe6
29.Qxe6+ Kf8 30.Be5 Qb6 31.Qc8+ Kf7 32.Qxc7 Qg1+ 33.Kh3 Qf1+ 34.Kg4 Qxe2
35.Qc3 Rd5 {#R} 0-1

[Event "It (open)"]
[Site "masterchessopen.com Lisbon (Portugal)"]
[Round "4"]
[White "Pinheiro Jose (POR)"]
[Black "Djuric Stefan (SRB)"]
[Result "1-0"]
[WhiteElo "2269"]
[BlackElo "2504"]

1.d4 Nf6 2.Nf3 g6 3.g3 d5 4.Bg2 Bg7 5.O-O O-O 6.c4 dxc4 7.Na3 c3 8.bxc3 c5
9.Qb3 Nc6 10.Rd1 Na5 11.Qb2 cxd4 12.cxd4 Be6 13.Bf4 Rc8 14.Ne5 Bd5 15.Bh3 e6
16.f3 Nh5 17.Be3 Nc6 18.Nac4 Ne7 19.Nd2 f6 20.Nd3 f5 21.Ne5 Nc6 22.Ndc4 Bxc4
23.Nxc4 Qd5 24.Rac1 b5 25.Ne5 Nxe5 26.dxe5 Rxc1 27.Qxc1 Qxe5 28.f4 Qb8 29.Qc6
e5 30.Rd7 exf4 31.gxf4 Nxf4 32.Bf1 Nh5 33.Bg2 Kh8 34.Bf3 Nf6 35.Rxa7 Qe5
36.Qc5 {#r} 1-0

[Event "It (open)"]
[Site "masterchessopen.com Malaga (Spain)"]
[Round "5"]
[White "Vassallo Mauricio (ESP)"]
[Black "Terron Elena Francisco M (ESP)"]
[Result "1-0"]
[WhiteElo "2391"]
[BlackElo "2242"]

1.d4 Nf6 2.Nf3 g6 3.g3 Bg7 4.Bg2 O-O 5.O-O d5 6.c4 dxc4 7.Na3 Nc6 8.Nxc4 Be6
9.b3 a5 10.Bb2 Bd5 11.e3 a4 12.Qe2 Qb8 13.Ncd2 a3 14.Bc3 Ne4 15.Nxe4 Bxe4
16.Rfd1 Rd8 17.Bf1 Bxf3 18.Qxf3 e6 19.Bg2 Qa7 20.Rac1 Rd7 21.h4 h5 22.g4 hxg4
23.Qxg4 Ne7 24.h5 gxh5 25.Qxh5 Nd5 26.Bd2 Rad8 27.Qh4 Ne7 28.Bb4 Nd5 29.Bxd5
exd5 30.Rxc7 Qb6 31.Rxd7 Rxd7 32.Bxa3 Qa6 33.Rc1 {#r} 1-0

[Event "Ch Norway (team)"]
[Site "masterchessopen.com Norway"]
[Round "6"]
[White "Harestad Thor Geir (NOR)"]
[Black "Elsness Frode (NOR)"]
[Result "0-1"]
[WhiteElo "2237"]
[BlackElo "2395"]

1.Nf3 Nf6 2.g3 g6 3.Bg2 Bg7 4.O-O O-O 5.c4 d5 6.d4 dxc4 7.Na3 Nc6 8.Nxc4 Be6
9.Nce5 Nxe5 10.Nxe5 Bd5 11.f3 Nd7 12.Nxd7 Qxd7 13.e3 Rfd8 14.Qc2 Rac8 15.Kh1
c5 16.dxc5 Qb5 17.e4 Bc4 18.Rd1 Rxd1+ 19.Qxd1 Qxc5 20.Qe1 Qb5 21.a4 Qb3 22.Qd2
Be6 23.h4 h5 24.Kh2 Rc2 25.Qe3 Qc4 26.Bd2 Rxb2 27.Rd1 Qc2 {#R} 0-1

[Event "Cup Russia (open)"]
[Site "masterchessopen.com Novgorod (Russia)"]
[Round "8"]
[White "Kondenko Alexey (RUS)"]
[Black "Polovodin Igor A (RUS)"]
[Result "0-1"]
[WhiteElo "2272"]
[BlackElo "2463"]

1.d4 Nf6 2.Nf3 g6 3.g3 Bg7 4.Bg2 O-O 5.O-O d5 6.c4 dxc4 7.Ne5 c5 8.dxc5 Qc7
9.Nxc4 Qxc5 10.Nbd2 Nc6 11.a4 Rd8 12.Ra3 Be6 13.Ne3 Rd7 14.Qe1 Rad8 15.f4 Nd4
16.Kh1 Nc2 17.Nxc2 Qxc2 18.Rc3 Qxa4 19.e4 b5 20.f5 gxf5 21.exf5 Bd5 22.Nf3 b4
23.Rc5 Bb7 24.Nd2 Qa6 25.Nc4 Bxg2+ 26.Kxg2 Rd4 27.Qxb4 Nd5 28.Qb3 Rd3 29.Qb5
Qf6 30.Rc6 Qd4 31.Re1 Qg4 32.Nd6 Qf3+ {#R} 0-1

[Event "Ch Poland (team) (2nd liga)"]
[Site "masterchessopen.com Polanica Zdroj (Poland)"]
[Round "7"]
[White "Orzech Dominik (POL)"]
[Black "Janocha Wieslaw (POL)"]
[Result "0-1"]
[WhiteElo "2223"]
[BlackElo "2337"]

1.d4 Nf6 2.Nf3 g6 3.g3 Bg7 4.Bg2 O-O 5.O-O d5 6.c4 dxc4 7.Na3 c3 8.bxc3 c5
9.e3 Nc6 10.Qe2 Bf5 11.Rd1 Be4 12.Bb2 Qa5 13.Nc4 Qa6 14.Bf1 Na5 15.Nxa5 Qxa5
16.Nd2 Bc6 17.Nb3 Qc7 18.Nxc5 e5 19.Nb3 e4 20.c4 Bd7 {#R} 0-1

[Event "Ch Romania (team)"]
[Site "masterchessopen.com Romania"]
[Round "1"]
[White "Mateuta Gabriel (ROM)"]
[Black "Istrate Bogdan (ROM)"]
[Result "1-0"]
[WhiteElo "2398"]
[BlackElo "2277"]

1.d4 Nf6 2.Nf3 g6 3.g3 Bg7 4.Bg2 O-O 5.O-O d5 6.c4 dxc4 7.Ne5 c6 8.Na3 Be6
9.Naxc4 Bd5 10.Bh3 Ne4 11.Ne3 Ng5 12.Bg4 h5 13.Nxd5 Qxd5 14.Bxg5 hxg4 15.Bxe7
Re8 16.Ba3 Bxe5 17.dxe5 Qxe5 18.Qb3 b6 19.Rad1 c5 20.Qb5 Rc8 21.Qc4 Nc6
22.Qxg4 Nd4 23.e3 Nb5 24.Qa4 a6 25.Rd7 Qe6 26.Rfd1 Nd4 27.Bxc5 Nf3+ 28.Kg2 Ng5
29.Qh4 Qc6+ 30.R7d5 Ne6 31.Be7 {#r} 1-0

[Event "Ch Sweden (team) 1999/00"]
[Site "masterchessopen.com Sweden"]
[Round "2"]
[White "Faibisovich Vadim Z (RUS)"]
[Black "Degerman Lars (SWE)"]
[Result "0-1"]
[WhiteElo "2400"]
[BlackElo "2503"]

1.d4 d5 2.Nf3 Nf6 3.g3 g6 4.Bg2 Bg7 5.O-O O-O 6.c4 dxc4 7.Na3 c3 8.bxc3 c5
9.Nc4 Nc6 10.Ba3 Be6 11.Nce5 Nxe5 12.Nxe5 Bd5 13.f3 cxd4 14.cxd4 Nd7 15.Nxd7
Qxd7 16.Rf2 Rfd8 17.e3 Rac8 18.Rc1 Bh6 19.Rxc8 Rxc8 20.f4 Bxg2 21.Rxg2 Rc3
22.Bc1 Qc6 23.Bd2 Rc2 24.Qb1 e6 25.Rf2 Qc4 26.a4 b6 27.Qb5 Qxb5 28.axb5 Bf8
29.Be1 Rc1 30.Rf1 Rb1 31.Bf2 Rxb5 32.Rc1 a5 33.Rc8 a4 34.Be1 {#R} 0-1

[Event "It (open)"]
[Site "masterchessopen.com Swidnica (Poland)"]
[Round "5"]
[White "Nester Igor (UKR)"]
[Black "Palus Ryszard (POL)"]
[Result "1-0"]
[WhiteElo "2228"]
[BlackElo "2280"]

1.d4 Nf6 2.Nf3 g6 3.g3 Bg7 4.c4 O-O 5.Bg2 d5 6.O-O dxc4 7.Na3 Nc6 8.Nxc4 Be6
9.b3 a5 10.Bb2 a4 11.Ng5 Bg4 12.bxa4 Ra6 13.Rc1 Qa8 14.Ne5 h6 15.Nxc6 bxc6
16.Ne4 Nxe4 17.Bxe4 Bd7 18.Rc4 Rb8 19.Bc3 Be6 20.Rc5 f5 21.Bg2 Bxa2 22.a5 e6
23.Qd2 Bb3 24.e4 {#r} 1-0

[Event "Ch Niedersachsen"]
[Site "masterchessopen.com Bad Lauterberg (Germany)"]
[Date "1999.04.01"]
[Round "8"]
[White "Gutman Lev (GER)"]
[Black "Joachim Sven (GER)"]
[Result "1-0"]
[WhiteElo "2471"]
[BlackElo "2445"]

1.Nf3 Nf6 2.g3 g6 3.Bg2 Bg7 4.O-O O-O 5.d4 d5 6.c4 dxc4 7.Na3 Nc6 8.Nxc4 Be6
9.b3 Bd5 10.Bb2 a5 11.Ne3 Be4 12.a3 Qc8 13.Nc4 Rd8 14.e3 h6 15.Rc1 Qe6 16.Ncd2
Bd5 17.Qc2 Ne4 18.Nxe4 Qxe4 19.Qxe4 Bxe4 20.Rfd1 Rac8 21.Ne1 Bxg2 22.Kxg2 Nb8
23.Bc3 b6 24.Nd3 Na6 25.b4 axb4 26.axb4 c6 27.Be1 b5 28.Rd2 Rc7 29.Ra2 Nb8
30.Ra8 Kf8 31.g4 Ke8 32.f3 {#r} 1-0

[Event "It (open) \"]
[Site "masterchessopen.com Duisburg (Germany)"]
[Round "2"]
[White "Fridman Daniel (GER)"]
[Black "Heidel Nicolas (GER)"]
[Result "1-0"]
[WhiteElo "2526"]
[BlackElo "2101"]

1.Nf3 Nf6 2.c4 g6 3.g3 Bg7 4.Bg2 O-O 5.O-O d5 6.d4 dxc4 7.Na3 c5 8.Nxc4 Be6
9.Nfe5 Nc6 10.dxc5 Nxe5 11.Nxe5 Bd5 12.Bxd5 Nxd5 13.Nd3 e5 14.Qb3 e4 15.Nf4
Nxf4 16.Bxf4 Qc8 17.Rac1 Rd8 18.Rfd1 Rxd1+ 19.Rxd1 Qc6 20.Rd6 Qc8 21.Qd5 {#r}
1-0